|
|
|
|
| LEADER |
00000nam0a2200000 4500 |
| 001 |
68193 |
| 005 |
20231101212352.0 |
| 035 |
|
|
|a (RuTPU)RU\TPU\book\72593
|
| 090 |
|
|
|a 68193
|
| 100 |
|
|
|a 20041001d1957 km y0rusy50 ca
|
| 101 |
0 |
|
|a rus
|
| 102 |
|
|
|a RU
|
| 105 |
|
|
|a a z 001zy
|
| 200 |
1 |
|
|a Радиоактивные элементы
|f С. Е. Бреслер
|
| 205 |
|
|
|a 3-е изд., перераб.
|
| 210 |
|
|
|a Москва
|c Гостехиздат
|d 1957
|
| 215 |
|
|
|a 550 с.
|c ил.
|
| 320 |
|
|
|a Библиография в конце глав.
|
| 320 |
|
|
|a Предметный указатель: с. 545-547
|
| 606 |
1 |
|
|a Радиоактивные элементы
|x Химия
|2 stltpush
|3 (RuTPU)RU\TPU\subj\22446
|9 47201
|
| 610 |
1 |
|
|a исследование
|
| 610 |
1 |
|
|a обогащение
|
| 610 |
1 |
|
|a электрохимия
|
| 610 |
1 |
|
|a химия
|
| 610 |
1 |
|
|a ядерные реакции
|
| 610 |
1 |
|
|a деление
|
| 610 |
1 |
|
|a диффузионные процессы
|
| 610 |
1 |
|
|a тяжелые ядра
|
| 610 |
1 |
|
|a деление
|
| 610 |
1 |
|
|a меченые атомы
|
| 610 |
1 |
|
|a радиоактивные вещества
|
| 675 |
|
|
|a 546.79
|v 3
|
| 700 |
|
1 |
|a Бреслер
|b С. Е.
|g Семен Ефимович
|
| 801 |
|
1 |
|a RU
|b 63413507
|c 20041001
|g PSBO
|
| 801 |
|
2 |
|a RU
|b 63413507
|c 20140829
|g PSBO
|
| 942 |
|
|
|c BK
|